书目信息 |
| 题名: |
铝及铝合金挤压工艺及设备
|
|
| 作者: | 雷步芳 编著 | |
| 分册: | ||
| 出版信息: | 北京 国防工业出版社 2014 |
|
| 页数: | 217页 | |
| 开本: | 24cm | |
| 丛书名: | ||
| 单 册: | ||
| 中图分类: | TG146.2 | |
| 科图分类: | ||
| 主题词: | 铝--挤压--生产工艺 , 铝合金--挤压--生产工艺 , 铝--挤压--机械设备 , 铝合金--挤压--机械设备 , 铝 , 铝合金 , 挤压 , 生产工艺 , 机械设备 | |
| 电子资源: | ||
| ISBN: | 978-7-118-08454-2 | |
| 000 | 01138nam0 2200337 450 | |
| 001 | 012015000452 | |
| 005 | 20150914103621.62 | |
| 010 | @a978-7-118-08454-2@dCNY76.00 | |
| 100 | @a20141218d2014 em y0chiy50 ea | |
| 101 | 0 | @achi |
| 102 | @aCN@b110000 | |
| 105 | @aa z 000yy | |
| 106 | @ar | |
| 200 | 1 | @a铝及铝合金挤压工艺及设备@Alv ji lv he jin ji ya gong yi ji she bei@f雷步芳[等]编著 |
| 210 | @a北京@c国防工业出版社@d2014 | |
| 215 | @a217页@c图@d24cm | |
| 304 | @a编著者还有:岳峰、李永堂、罗上银 | |
| 330 | @a本书详细介绍并系统论述了铝及铝合金挤压原理与方法、挤压工艺、挤压工具及模具的结构与设计,挤压设备的基本结构、组成及设计,挤压设备的电气控制及辅机的设计,同时也有挤压设备的安装、调试、使用、维修等特殊类型的挤压工艺内容。 | |
| 606 | 0 | @a铝@x挤压@x生产工艺 |
| 606 | 0 | @a铝合金@x挤压@x生产工艺 |
| 606 | 0 | @a铝@x挤压@x机械设备 |
| 606 | 0 | @a铝合金@x挤压@x机械设备 |
| 606 | 0 | @a铝 |
| 606 | 0 | @a铝合金 |
| 606 | 0 | @a挤压 |
| 606 | 0 | @a生产工艺 |
| 606 | 0 | @a机械设备 |
| 690 | @aTG146.2@v5 | |
| 701 | 0 | @a雷步芳@Alei bu fang@4编著 |
| 801 | 0 | @aCN@b碧洲教育@c20150716 |
| 905 | @a10447@f4@dTG146.2@e52 | |
| 铝及铝合金挤压工艺及设备/雷步芳[等]编著.-北京:国防工业出版社,2014 |
| 217页:图;24cm |
| ISBN 978-7-118-08454-2:CNY76.00 |
| 本书详细介绍并系统论述了铝及铝合金挤压原理与方法、挤压工艺、挤压工具及模具的结构与设计,挤压设备的基本结构、组成及设计,挤压设备的电气控制及辅机的设计,同时也有挤压设备的安装、调试、使用、维修等特殊类型的挤压工艺内容。 |
| ● |
| 相关链接 |
|
|
|
|
正题名:铝及铝合金挤压工艺及设备
索取号:TG146.2/52
 
预约/预借
| 序号 | 登录号 | 条形码 | 馆藏地/架位号 | 状态 | 备注 |
| 1 | 0849302 | 208493021 | 第二样本阅览室/ [索取号:TG146.2/52] | 在馆 | |
| 2 | 0849303 | 208493030 | 第三借阅区/ [索取号:TG146.2/52] | 在馆 | |
| 3 | 0849304 | 208493049 | 第三借阅区/ [索取号:TG146.2/52] | 在馆 | |
| 4 | 0849305 | 208493058 | 密集书库-化学系/ [索取号:TG146.2/52] | 在馆 |